Southville International School and Colleges
Your cart is empty.
  • Cart
  • Lists
    Public lists Eva Luna New books Lux_list list_1
    Your lists Log in to create your own lists
  • Log in to your account
  • Your cookies
  • Search history
Southville International School and Colleges
  • Advanced search
  • Recent comments
  • Most popular
  • Libraries

Log in to your account

Log in with GOOGLE


If you do not have an external account, but do have a local account, you can still log in:

  1. Home
  2. MARC view: Experimental college physics :
Normal view MARC view ISBD view

Experimental college physics : (Record no. 284598)

[ view plain ]
MARC details
000 -LEADER
fixed length control field 00587nam a22001937a 4500
003 - CONTROL NUMBER IDENTIFIER
control field OSt
005 - DATE AND TIME OF LATEST TRANSACTION
control field 20150905095929.0
008 - FIXED-LENGTH DATA ELEMENTS--GENERAL INFORMATION
fixed length control field 140221t xxu||||| |||| 00| 0 eng d
020 ## - INTERNATIONAL STANDARD BOOK NUMBER
International Standard Book Number 9710812203
050 ## - LIBRARY OF CONGRESS CALL NUMBER
Classification number QC 37
Item number .W582 1979
100 ## - MAIN ENTRY--PERSONAL NAME
Personal name White, Marsh W.
9 (RLIN) 30525
245 ## - TITLE STATEMENT
Title Experimental college physics :
Remainder of title laboratory manual /
Statement of responsibility, etc Marsh W. White, Kenneth V. Manning.
260 ## - PUBLICATION, DISTRIBUTION, ETC. (IMPRINT)
Place of publication, distribution, etc New York :
Name of publisher, distributor, etc McGRAW-HILL Book Company,
Date of publication, distribution, etc 1979.
300 ## - PHYSICAL DESCRIPTION
Extent xii, 347 pages :
Other physical details illustrations ;
Dimensions 24 cm.
500 ## - GENERAL NOTE
General note Includes index.
650 ## - SUBJECT ADDED ENTRY--TOPICAL TERM
Topical term or geographic name as entry element Physics.
942 ## - ADDED ENTRY ELEMENTS (KOHA)
Source of classification or shelving scheme Library of Congress Classification
Koha item type Books
Call number prefix Foreign
Holdings
Withdrawn status Lost status Source of classification or shelving scheme Damaged status Home library Current library Shelving location Date acquired Source of acquisition Total Checkouts Total Renewals Full call number Barcode Date last seen Date checked out Price effective from Koha item type
    Library of Congress Classification   Archives Archives   06/03/2015 Library Fund 1 1 QC 37 .W582 1979 C19534 05/15/2018 06/25/2015 06/03/2015 Books

Experimental college physics :

APA

White M. W., . (1979). Experimental college physics. New York: McGRAW-HILL Book Company.

Chicago

White Marsh W, . 1979. Experimental college physics. New York: McGRAW-HILL Book Company.

Harvard

White M. W., . (1979). Experimental college physics. New York: McGRAW-HILL Book Company.

MLA

White Marsh W, . Experimental college physics. New York: McGRAW-HILL Book Company. 1979.

  • Place hold
  • Print
  • Cite
  • Add to your cart (remove)
  • Save record
    BIBTEX Dublin Core MARCXML MARC (non-Unicode/MARC-8) MARC (Unicode/UTF-8) MARC (Unicode/UTF-8, Standard) MODS (XML) RIS
  • More searches
    Search for this title in:
    Other Libraries (WorldCat) Other Databases (Google Scholar) Online Stores (Bookfinder.com) Open Library (openlibrary.org)

Exporting to Dublin Core...

SOUTHVILLE LIBRARY

Southville International School and Colleges Library

1281 Tropical Ave. Cor. Luxembourg St., BF Homes International, Las Pinas City

Tel. No. 8256374 / 252358 Loc. 117/146

Powered by Koha